UEFA Champions League 2020-21 Semi Finals Starting XI - Statistics

General Stats
  • This quiz has been taken 1,380 times
  • The average score is 40 of 44
Answer Stats
Team Player % Correct
Real Madrid Éder Militão
99%
Manchester City Ederson
99%
Manchester City Kevin De Bruyne
98%
Paris Saint-Germain Keylor Navas
98%
Manchester City Ilkay Gündogan
97%
Paris Saint-Germain Kylian Mbappé
97%
Real Madrid Luka Modrić
97%
Manchester City Riyad Mahrez
97%
Real Madrid Thibaut Courtois
97%
Manchester City Bernardo Silva
96%
Manchester City John Stones
96%
Real Madrid Karim Benzema
96%
Manchester City Kyle Walker
96%
Paris Saint-Germain Neymar
96%
Chelsea Thiago Silva
96%
Real Madrid Toni Kroos
96%
Real Madrid Vinícius Júnior
96%
Chelsea Christian Pulisic
95%
Chelsea Édouard Mendy
95%
Manchester City Rúben Dias
95%
Manchester City João Cancelo
94%
Manchester City Rodri
94%
Real Madrid Casemiro
93%
Paris Saint-Germain Marco Verratti
93%
Paris Saint-Germain Marquinhos
93%
Paris Saint-Germain Ángel Di María
92%
Real Madrid Daniel Carvajal
92%
Chelsea N'Golo Kanté
92%
Manchester City Phil Foden
92%
Chelsea Jorginho
91%
Real Madrid Raphaël Varane
91%
Chelsea Timo Werner
91%
Chelsea Antonio Rüdiger
90%
Chelsea César Azpilicueta
90%
Chelsea Andreas Christensen
88%
Paris Saint-Germain Presnel Kimpembe
88%
Real Madrid Marcelo
87%
Paris Saint-Germain Idrissa Gueye
82%
Chelsea Mason Mount
80%
Real Madrid Nacho
80%
Chelsea Ben Chilwell
75%
Paris Saint-Germain Leandro Paredes
73%
Paris Saint-Germain Alessandro Florenzi
62%
Paris Saint-Germain Mitchel Bakker
41%
No matching quizzes found
Score Distribution
Percent of People with Each Score
Percentile by Number Answered
Your Score History
You have not taken this quiz